<?xml version="1.0" encoding="UTF-8"?>
<record
    xmlns:xsi="http://www.w3.org/2001/XMLSchema-instance"
    xsi:schemaLocation="http://www.loc.gov/MARC21/slim http://www.loc.gov/standards/marcxml/schema/MARC21slim.xsd"
    xmlns="http://www.loc.gov/MARC21/slim">

  <leader>01702    a2200229   4500</leader>
  <controlfield tag="001">25180</controlfield>
  <controlfield tag="005">20260407155535.0</controlfield>
  <controlfield tag="008">260407a1967    arg                 spa d</controlfield>
  <controlfield tag="003">AR-UNSa-BCEJYS</controlfield>
  <datafield tag="040" ind1=" " ind2=" ">
    <subfield code="a">AR-UNSa-BCEJYS</subfield>
    <subfield code="b">spa</subfield>
    <subfield code="c">AR-UNSa-BCEJYS</subfield>
  </datafield>
  <datafield tag="080" ind1=" " ind2=" ">
    <subfield code="a">519.2</subfield>
    <subfield code="x">Probabilidades y estad&#xED;stica matem&#xE1;tica
</subfield>
  </datafield>
  <datafield tag="245" ind1="1" ind2="0">
    <subfield code="a">Introducci&#xF3;n a la estad&#xED;stica matem&#xE1;tica</subfield>
  </datafield>
  <datafield tag="250" ind1=" " ind2=" ">
    <subfield code="a">5a. ed</subfield>
  </datafield>
  <datafield tag="264" ind1=" " ind2="1">
    <subfield code="a">Madrid :</subfield>
    <subfield code="b">Aguilar</subfield>
    <subfield code="c">1967</subfield>
  </datafield>
  <datafield tag="300" ind1=" " ind2=" ">
    <subfield code="a">740 p.</subfield>
    <subfield code="c">21 cm.</subfield>
  </datafield>
  <datafield tag="505" ind1=" " ind2=" ">
    <subfield code="a">1. Introducci&#xF3;n - 2. Asociaci&#xF3;n de atributos - 3. Clasificaci&#xF3;n multiple -  4. Distribuciones de frecuencia - 5. Promedios o medidas de posici&#xF3;n - 6. Medidas de dispersion - 7. Momentos y medidas de asimetria y curtosis - 8. Tres distribuciones teoricas importantes : La binomial, la normal y la de poisson - 9. Correlaci&#xF3;n y regresi&#xF3;n - 10. Correlaci&#xF3;n normal - 11. Mas sobre teoria de la correlaci&#xF3;n - 12. Correlaci&#xF3;n parcial - 13. Correlaci&#xF3;n y regresi&#xF3;n - 14. Diversos teoremas que implican el uso del coeficiente de correlaci&#xF3;n - 15. Ajustamiento elemental de curvas - 16. Nociones preeliminares sobre teoria de las muetras - 17. Selecci&#xF3;n de atributos (muestras grandes)- 18. Selecci&#xF3;n de variables (muestras grandes)- 19. Selecci&#xF3;n de variables (muestra grande- continuaci&#xF3;n)- 20. La distribuci&#xF3;n - 21. Selecci&#xF3;n de variables(muestra peque&#xF1;a)- 22. An&#xE1;lisis de la varianza - 23. Algunos problemas del muestreo practico - 24. Interpolaci&#xF3;n y precuaci&#xF3;n - 25. N&#xFA;meros indice -  26. Series cronol&#xF3;gicas - 27. Series cronol&#xF3;gicas (continuaci&#xF3;n)</subfield>
  </datafield>
  <datafield tag="942" ind1=" " ind2=" ">
    <subfield code="c">BK</subfield>
  </datafield>
  <datafield tag="590" ind1=" " ind2=" ">
    <subfield code="a">niveau_biblio:m niveau_hierar:0</subfield>
  </datafield>
  <datafield tag="100" ind1="1" ind2=" ">
    <subfield code="a">Yule, G. Undy</subfield>
  </datafield>
  <datafield tag="700" ind1="1" ind2=" ">
    <subfield code="a">Kendall, M.G.</subfield>
  </datafield>
  <datafield tag="700" ind1="1" ind2=" ">
    <subfield code="a">Ros Jimeno, Jose</subfield>
  </datafield>
  <datafield tag="999" ind1=" " ind2=" ">
    <subfield code="c">1291</subfield>
    <subfield code="d">1291</subfield>
  </datafield>
  <datafield tag="952" ind1=" " ind2=" ">
    <subfield code="0">0</subfield>
    <subfield code="1">0</subfield>
    <subfield code="4">0</subfield>
    <subfield code="7">0</subfield>
    <subfield code="a">BCEJYS</subfield>
    <subfield code="b">BCEJYS</subfield>
    <subfield code="c">16</subfield>
    <subfield code="d">2026-04-07</subfield>
    <subfield code="l">0</subfield>
    <subfield code="o">519.2 Y95 5ed.</subfield>
    <subfield code="p">L21500</subfield>
    <subfield code="r">2026-04-07 15:55:35</subfield>
    <subfield code="w">2026-04-07</subfield>
    <subfield code="y">L</subfield>
  </datafield>
  <datafield tag="952" ind1=" " ind2=" ">
    <subfield code="0">0</subfield>
    <subfield code="1">0</subfield>
    <subfield code="4">0</subfield>
    <subfield code="7">0</subfield>
    <subfield code="a">BCEJYS</subfield>
    <subfield code="b">BCEJYS</subfield>
    <subfield code="c">16</subfield>
    <subfield code="d">2026-04-07</subfield>
    <subfield code="l">0</subfield>
    <subfield code="o">519.2 Y95 5ed.</subfield>
    <subfield code="p">L21501</subfield>
    <subfield code="r">2026-04-07 15:55:35</subfield>
    <subfield code="w">2026-04-07</subfield>
    <subfield code="y">L</subfield>
  </datafield>
</record>
